000 01010 a2200229 4500
001 16012
005 20260407155453.0
008 260407a1997 arg spa d
003 AR-UNSa-BCEJYS
040 _aAR-UNSa-BCEJYS
_bspa
_cAR-UNSa-BCEJYS
080 _a336.226
_xTipos de impuestos. Impuestos directos e indirectos
245 1 0 _aEl impuesto sobre los bienes personales
_pimposición sobre el patrimonio
020 _a950-739-509-1
264 1 _aBuenos Aires :
_bErrepar
_c1997
300 _axx, 282 p.
_c21 cm.
505 _a1. Conceptos generales - 2. La imposición sobre el patrimonio de las empresas - 3. La imposición sobre el patrimonio de las personas físicas - 4. Características del impuesto - 5. Objeto del impuesto - 6. Sujetos - 7. Exenciones - 8. Base imponible - 9. Normas de declaración e ingreso del gravámen - 10. Responsable sustituto
041 _aspa
942 _cBK
590 _aniveau_biblio:m niveau_hierar:0
100 1 _aGebhardt, Jorge
700 1 _aLitvak, José D.
999 _c684
_d684